[Event "LSS No Engine Cup 11 Preliminary 6"]
[Site "LSS email"]
[Date "2009.11.23"]
[Round "?"]
[White "Drobotov, Gennady Sergeevich"]
[Black "Szabo Hanjecz, Judit"]
[Result "1-0"]
[WhiteElo "1195"]
[BlackElo "1489"]
[PlyCount "43"]
[EventDate "2009.11.24"]
[EventType "tourn (corr)"]
[EventRounds "6"]
[EventCountry "GER"]
[SourceTitle "Corr 2013"]
[Source "ChessBase"]
[SourceDate "2012.11.12"]
[SourceVersion "1"]
[SourceVersionDate "2012.11.12"]
[SourceQuality "1"]

1. e4 c5 2. Nf3 e6 3. d4 cxd4 4. Nxd4 a6 5. Nc3 b5 6. Bd3 Qb6 7. Nb3 Bb7 8. Be3 Qc7 9. 0-0 Nf6 10. a3 Bd6 11. f4 e5 12. Qf3 0-0 13. f5 Nc6 14. Ne2 Nd4 15. Nexd4 exd4 16. Bf4 Rfe8 17. Rae1 Be5 18. Qg3 d6 19. Qh4 Re7 20. Bg5 Rae8 21. Re2 d5 22. exd5 1-0

[Event "LSS No Engine Cup 11 Preliminary 6"]
[Site "LSS email"]
[Date "2009.11.23"]
[Round "?"]
[White "Szabo Hanjecz, Judit"]
[Black "Santistevan, Ovidio"]
[Result "0-1"]
[WhiteElo "1465"]
[BlackElo "1848"]
[PlyCount "24"]
[EventDate "2009.11.24"]
[EventType "tourn (corr)"]
[EventRounds "6"]
[EventCountry "GER"]
[SourceTitle "Corr 2013"]
[Source "ChessBase"]
[SourceDate "2012.11.12"]
[SourceVersion "1"]
[SourceVersionDate "2012.11.12"]
[SourceQuality "1"]

1. e4 e5 2. Nf3 Nc6 3. Bb5 a6 4. Ba4 Nf6 5. 0-0 Be7 6. Bxc6 dxc6 7. d3 Bg4 8. h3 Bxf3 9. Qxf3 0-0 10. Nc3 Nd7 11. Be3 Bc5 12. Rad1 Qe7 0-1

[Event "LSS No Engine Cup 07 Preliminary 5"]
[Site "LSS email"]
[Date "2009.09.24"]
[Round "?"]
[White "Pietrzak, Wojciech"]
[Black "Szabo Hanjecz, Judit"]
[Result "1-0"]
[WhiteElo "1098"]
[BlackElo "1359"]
[PlyCount "39"]
[EventDate "2009.09.25"]
[EventType "tourn (corr)"]
[EventRounds "6"]
[EventCountry "GER"]
[SourceTitle "Corr 2013"]
[Source "ChessBase"]
[SourceDate "2012.11.12"]
[SourceVersion "1"]
[SourceVersionDate "2012.11.12"]
[SourceQuality "1"]

1. e4 e5 2. Nf3 Nc6 3. Bb5 a6 4. Bxc6 bxc6 5. Nxe5 Qe7 6. d4 d6 7. Nxc6 Qxe4+ 8. Qe2 Qxe2+ 9. Kxe2 Bb7 10. d5 Bxc6 11. dxc6 Ne7 12. Nc3 Nxc6 13. Be3 g6 14. Nd5 Kd7 15. Nf6+ Ke6 16. Ne4 Bg7 17. c3 Rhe8 18. Ng5+ Kf5 19. h4 h6 20. Nf3 1-0

[Event "LSS No Engine Cup 07 Preliminary 5"]
[Site "LSS email"]
[Date "2009.09.24"]
[Round "?"]
[White "Shishkin, Victor A"]
[Black "Szabo Hanjecz, Judit"]
[Result "0-1"]
[WhiteElo "1879"]
[BlackElo "1567"]
[PlyCount "55"]
[EventDate "2009.09.25"]
[EventType "tourn (corr)"]
[EventRounds "6"]
[EventCountry "GER"]
[SourceTitle "Corr 2013"]
[Source "ChessBase"]
[SourceDate "2012.11.12"]
[SourceVersion "1"]
[SourceVersionDate "2012.11.12"]
[SourceQuality "1"]

1. d4 Nf6 2. c4 e6 3. Nc3 Bb4 4. Qc2 d5 5. cxd5 exd5 6. Bg5 h6 7. Bh4 c5 8. Nf3 cxd4 9. Nxd4 Nc6 10. Rd1 0-0 11. e3 Bg4 12. Be2 Nxd4 13. Rxd4 Bxc3+ 14. bxc3 Bxe2 15. Qxe2 g5 16. Bg3 Rc8 17. Be5 Ne4 18. Rd3 Qd7 19. 0-0 Rfe8 20. Bd4 Rc4 21. f3 Nc5 22. Rdd1 Ne6 23. Be5 Nc5 24. f4 g4 25. h3 gxh3 26. Kh2 Re6 27. gxh3 Ra4 28. Rg1+ 0-1

[Event "LSS No Engine Cup 07 Preliminary 5"]
[Site "LSS email"]
[Date "2009.09.24"]
[Round "?"]
[White "Szabo Hanjecz, Judit"]
[Black "Szoller, Terez"]
[Result "1/2-1/2"]
[WhiteElo "1558"]
[BlackElo "1742"]
[PlyCount "60"]
[EventDate "2009.09.25"]
[EventType "tourn (corr)"]
[EventRounds "6"]
[EventCountry "GER"]
[SourceTitle "Corr 2013"]
[Source "ChessBase"]
[SourceDate "2012.11.12"]
[SourceVersion "1"]
[SourceVersionDate "2012.11.12"]
[SourceQuality "1"]

1. e4 e6 2. d4 d5 3. Nc3 Bb4 4. e5 c5 5. a3 Bxc3+ 6. bxc3 Ne7 7. Qg4 Qc7 8. Qxg7 Rg8 9. Qxh7 cxd4 10. Ne2 Nbc6 11. f4 Bd7 12. Qd3 dxc3 13. Nxc3 a6 14. Ne2 Nf5 15. Rb1 Nce7 16. Qc3 Qxc3+ 17. Nxc3 Bc6 18. Ne2 0-0-0 19. c3 d4 20. cxd4 Bxg2 21. Rg1 Bxf1 22. Rxg8 Rxg8 23. Kxf1 Nc6 24. Rb3 Nfxd4 25. Rh3 Nxe2 26. Kxe2 Rg2+ 27. Kd3 Kd7 28. Rh7 Ke8 29. Be3 Ne7 30. Rh8+ Kd7 1/2-1/2

[Event "LSS No Engine Cup Gr05 prel 01 email"]
[Site "LSS email"]
[Date "2009.08.26"]
[Round "?"]
[White "Somogyi, Gabor"]
[Black "Szabo Hanjecz, Judit"]
[Result "0-1"]
[WhiteElo "1917"]
[BlackElo "1304"]
[PlyCount "58"]
[EventDate "2009.08.27"]
[EventType "tourn (corr)"]
[EventRounds "6"]
[EventCountry "GER"]
[SourceTitle "Telechess CBM 137"]
[Source "ChessBase"]
[SourceDate "2010.07.15"]
[SourceVersion "1"]
[SourceVersionDate "2010.07.15"]
[SourceQuality "1"]

1. e4 c5 2. Nf3 Nc6 3. d4 cxd4 4. Nxd4 Nf6 5. Nc3 e5 6. Ndb5 d6 7. Bg5 a6 8. Na3 b5 9. Nd5 Be7 10. Nxe7 Nxe7 11. Bd3 Bb7 12. Qe2 Nd7 13. c4 b4 14. Nc2 a5 15. Bxe7 Qxe7 16. Ne3 0-0 17. 0-0 Nc5 18. Nf5 Qe6 19. Rad1 g6 20. Ng3 Ba6 21. b3 h5 22. Rfe1 a4 23. Bc2 axb3 24. axb3 Bb7 25. Qd2 Ra2 26. Qc1 h4 27. Nf1 h3 28. g3 Qf6 29. Rd2 Qf3 0-1

[Event "LSS No Engine Cup Gr05 prel 01 email"]
[Site "LSS email"]
[Date "2009.08.26"]
[Round "?"]
[White "Szabo Hanjecz, Judit"]
[Black "Caillet, Serge"]
[Result "1/2-1/2"]
[WhiteElo "1459"]
[BlackElo "2101"]
[PlyCount "88"]
[EventDate "2009.08.27"]
[EventType "tourn (corr)"]
[EventRounds "6"]
[EventCountry "GER"]
[SourceTitle "Telechess CBM 137"]
[Source "ChessBase"]
[SourceDate "2010.07.15"]
[SourceVersion "1"]
[SourceVersionDate "2010.07.15"]
[SourceQuality "1"]

1. d4 g6 2. e4 Bg7 3. Nc3 d6 4. f4 a6 5. Nf3 b5 6. Bd3 Nd7 7. e5 e6 8. 0-0 Bb7 9. a4 b4 10. Ne4 Bxe4 11. Bxe4 d5 12. Bd3 c5 13. dxc5 Nxc5 14. Be3 Nxd3 15. Qxd3 Ne7 16. Bc5 Nc6 17. a5 Bf8 18. Bb6 Qd7 19. Rac1 Be7 20. c4 bxc3 21. Qxc3 Nb4 22. Qe3 Nc6 23. Nd4 Nxd4 24. Rc7 Qb5 25. Qxd4 Bb4 26. Bc5 Bxc5 27. Rxc5 Qb7 28. Rfc1 0-0 29. Rc6 Qb5 30. b4 Rab8 31. g3 Qxb4 32. Qxb4 Rxb4 33. Rxa6 Rb2 34. Rf1 Rc8 35. Rf2 Rb1+ 36. Kg2 Ra1 37. Rb2 Rc5 38. Rb8+ Kg7 39. Rb7 Rcxa5 40. Rxe6 Ra7 41. Rxa7 Rxa7 42. Rd6 Ra2+ 43. Kf3 Rxh2 44. Rxd5 h5 1/2-1/2

[Event "LSS OP-2009-0-00909"]
[Site "LSS email"]
[Date "2009.07.31"]
[Round "?"]
[White "Murphy, Jones"]
[Black "Szabo Hanjecz, Judit"]
[Result "0-1"]
[WhiteElo "1249"]
[BlackElo "1304"]
[PlyCount "22"]
[EventDate "2009.07.25"]
[EventType "tourn (corr)"]
[EventRounds "4"]
[EventCountry "GER"]
[SourceTitle "Corr 2013"]
[Source "ChessBase"]
[SourceDate "2012.11.12"]
[SourceVersion "1"]
[SourceVersionDate "2012.11.12"]
[SourceQuality "1"]

1. d4 Nf6 2. f3 d5 3. e4 dxe4 4. Nc3 exf3 5. Qxf3 Qxd4 6. Be3 Qg4 7. Qf2 e5 8. h3 Qf5 9. Qe2 Bb4 10. Qc4 Bxc3+ 11. Qxc3 Nd5 0-1

[Event "LSS OP-2009-0-00864"]
[Site "LSS email"]
[Date "2009.06.01"]
[Round "?"]
[White "Roberts, David Llewelyn"]
[Black "Szabo Hanjecz, Judit"]
[Result "0-1"]
[WhiteElo "1109"]
[BlackElo "1304"]
[PlyCount "58"]
[EventDate "2009.05.27"]
[EventType "tourn (corr)"]
[EventRounds "4"]
[EventCountry "GER"]
[SourceTitle "Corr 2011"]
[Source "ChessBase"]
[SourceDate "2010.08.31"]
[SourceVersion "1"]
[SourceVersionDate "2010.08.31"]
[SourceQuality "1"]

1. d4 d5 2. c4 c6 3. Nf3 Nf6 4. Nc3 e6 5. e3 Nbd7 6. Bd3 dxc4 7. Bxc4 b5 8. Bd3 Bb7 9. 0-0 a6 10. e4 c5 11. e5 cxd4 12. Nxb5 axb5 13. exf6 Qxf6 14. Bg5 Bxf3 15. Bxf6 Bxd1 16. Bxd4 Ra4 17. Bxg7 Bxg7 18. Bxb5 Bc2 19. Bxa4 Bxa4 20. Rab1 Ke7 21. b3 Bc6 22. Rfd1 Bh6 23. g3 Ne5 24. Kf1 Nf3 25. Ke2 Rc8 26. a4 Be4 27. Rb2 Bg7 28. Ra2 Nxh2 29. Rd4 Bxd4 0-1

[Event "LSS OP-2009-0-00773"]
[Site "LSS email"]
[Date "2009.03.01"]
[Round "?"]
[White "Szabo Hanjecz, Judit"]
[Black "Bokros, Janos"]
[Result "1/2-1/2"]
[WhiteElo "1211"]
[BlackElo "1728"]
[PlyCount "30"]
[EventDate "2009.02.25"]
[EventType "tourn (corr)"]
[EventRounds "4"]
[EventCountry "GER"]
[SourceTitle "Corr 2013"]
[Source "ChessBase"]
[SourceDate "2012.11.12"]
[SourceVersion "1"]
[SourceVersionDate "2012.11.12"]
[SourceQuality "1"]

1. e4 e5 2. Nf3 Nc6 3. Bb5 Nf6 4. 0-0 Bc5 5. c3 Nxe4 6. Qe2 Bxf2+ 7. Rxf2 Nxf2 8. Kxf2 0-0 9. Bxc6 dxc6 10. Qxe5 Re8 11. Qd4 Qe7 12. Qe3 Qd7 13. Qf4 Qe7 14. Qe3 Qd7 15. Qf4 Qe7 1/2-1/2

[Event "LSS RN-2008-0-00118"]
[Site "LSS email"]
[Date "2008.02.27"]
[Round "?"]
[White "Yangibayev, Rustam"]
[Black "Szabo Hanjecz, Judit"]
[Result "1-0"]
[WhiteElo "665"]
[BlackElo "977"]
[PlyCount "24"]
[EventDate "2008.02.24"]
[EventType "tourn (corr)"]
[EventRounds "6"]
[EventCountry "GER"]
[SourceTitle "Corr 2013"]
[Source "ChessBase"]
[SourceDate "2012.11.12"]
[SourceVersion "1"]
[SourceVersionDate "2012.11.12"]
[SourceQuality "1"]

1. d4 Nf6 2. c4 e6 3. Bg5 Bb4+ 4. Nc3 h6 5. Bh4 c5 6. e3 cxd4 7. Qxd4 Nc6 8. Qd3 0-0 9. Be2 d5 10. Nf3 e5 11. cxd5 e4 12. Bxf6 Qxf6 1-0